000 01113nam a22003137a 4500
001 BR8002843
003 BR-BrBNA
005 20230928090615.0
007 ta
008 230509b bl.||||| |||| 00| 0 por d
040 _aBR-BrBNA
_bpor
_cBiblioteca Nacional de Agricultura
041 _a(Por)
072 _aF00; F30; F25
_b0180
_b/G514
090 _ 0180 BR8002843
110 1 _aUnidade de Execucao de Pesquisa de Ambito Estadual de Dourados, MS (Brasil)
111 1 _a6. Reuniao da Comissao Norte Brasileira de Pesquisa de Trigo
_cCuritiba, PR (Brazil)
_d14 Jan 1980
245 1 _aResultados de pesquisa com trigo obtidos na UEPAE de Dourados em 1979 [Triticum aestivum; Unidade de Execucao de Pesquisa de Ambito Estadual; Mato Grosso do Sul; Brasil]
260 3 _aDourados, MS (Brasil):
_c1980.
300 _a164 p.
650 _aProducao vegetal
650 _aMelhoramento genetico vegetal
650 _aFertilidade do solo
650 _aTrigo
650 _aPraga de planta
650 _aDoenca de planta
650 _aCultivo do solo
909 _a202309
_bLucia
_c55
_dLucia Elande
942 _cBK
999 _c29609
_d29609